[Event "SCCA Championship 2021"]
[Site "SchemingMind.com"]
[Date "2020.12.15"]
[Round "-"]
[White "Robert Pallett"]
[Black "Geoffrey Rosser"]
[Result "1-0"]
[WhiteCountry "ENG"]
[BlackCountry "ENG"]
[WhiteElo "2364"]
[WhiteRD "103"]
[BlackElo "1967"]
[BlackRD "61"]
[GameID "463396"]

1. e4 e5 2. Nf3 Nc6 3. Bc4 Nf6 4. d3 Be7 5. O-O O-O 6. Re1 d6 7. a4 Kh8 8. h3 Ng8 9. a5 f5 10. Nc3 Nf6
11. a6 fxe4 12. axb7 Bxb7 13. dxe4 a5 14. Ng5 Qe8 15. Ne6 Nd4 16. Nxf8 Bxf8 17. Be3 Nxe4 18. Bxd4 exd4 19. Nxe4 d5 20. Nd6 Qc6
21. Nxb7 dxc4 22. Nxa5 Qd5 23. Qf3 Qxf3 24. gxf3 Kg8 25. Nxc4 Rd8 26. Ra7 c5 27. Kg2
1-0

[Event "SCCA Championship 2021"]
[Site "SchemingMind.com"]
[Date "2020.12.16"]
[Round "-"]
[White "Geoffrey Rosser"]
[Black "Phil Cook"]
[Result "0-1"]
[WhiteCountry "ENG"]
[BlackCountry "NZL"]
[WhiteElo "1967"]
[WhiteRD "61"]
[BlackElo "2532"]
[BlackRD "116"]
[GameID "463397"]

1. e4 e5 2. Nf3 Nc6 3. d4 exd4 4. Nxd4 Nf6 5. Nxc6 bxc6 6. Bd3 d5 7. exd5 cxd5 8. Bb5+ Bd7 9. Bxd7+ Qxd7 10. O-O Be7
11. Nc3 O-O 12. Bg5 c6 13. Qf3 h6 14. Bxf6 Bxf6 15. Rad1 Qd6 16. Rd3 Qc5 17. Qg4 Rfe8 18. Rh3 Rab8 19. Rxh6 Rb4 20. Qd7 Rd8
21. Qf5 gxh6 22. Qxf6 Qd6 23. Qxd6 Rxd6 24. Nd1 Re6 25. c3 Rb7 26. b4 Rbe7 27. Ne3 Rd7 28. Rd1 d4 29. cxd4 Re4 30. Nc2 Rde7
31. a4 Re2 32. Ne3 Rb2 33. Kf1 Rxb4 34. d5 Rd7 35. d6 Rxa4 36. Nf5 h5 37. Rb1 Ra5 38. Ne7+ Kf8 39. Nc8 Rd8 40. Rb8 Rd5
41. Nb6 Rxb8 42. Nd7+ Kg7 43. Nxb8 Rd1+ 44. Ke2 Rxd6 45. Na6 c5 46. Nxc5 Rc6 47. Nd3 a5 48. Kd2 a4 49. Nb4 Rc8 50. g3 a3
51. Na2 Rb8 52. Nc3 Rb2+ 53. Kc1 Rxf2
0-1

[Event "SCCA Championship 2021"]
[Site "SchemingMind.com"]
[Date "2020.12.15"]
[Round "-"]
[White "Geoffrey Rosser"]
[Black "P Pickering"]
[Result "1-0"]
[WhiteCountry "ENG"]
[BlackCountry "ENG"]
[WhiteElo "1967"]
[WhiteRD "61"]
[BlackElo "1816"]
[BlackRD "103"]
[GameID "463398"]

1. e4 e5 2. Nf3 f5 3. Bc4 fxe4 4. Nxe5 d5 5. Bb3 Nf6 6. O-O Bd6 7. f4 exf3 8. Nxf3 O-O 9. d4 Be6 10. Bg5 c6
11. Nbd2 Qc7 12. c4 Nbd7 13. cxd5 Bxd5 14. Nc4 Ne4 15. Nxd6 Nxg5 16. Bxd5+ cxd5 17. Nb5 Nxf3+ 18. Rxf3 Qc6 19. Nc3 Nf6 20. Qb3 Rad8
21. Raf1 Rfe8 22. Nb5 a6 23. Na3 Re4 24. Rc3 Qd7 25. Nc2 Re2 26. Ne3 Ne4 27. Nxd5 Kh8 28. Rcf3 h6 29. Qd3 Qxd5 30. Qxe2 Qxd4+
31. Qe3 Qd5 32. Rf8+ Rxf8 33. Rxf8+ Kh7 34. Qf3 Qc5+ 35. Kh1 Qc1+ 36. Qf1 Qxb2 37. Qf5+ g6 38. Rf7+ Kh8 39. Qc8#
1-0

[Event "SCCA Championship 2021"]
[Site "SchemingMind.com"]
[Date "2020.12.20"]
[Round "-"]
[White "Geoffrey Rosser"]
[Black "Roger Oscroft "]
[Result "1-0"]
[WhiteCountry "ENG"]
[BlackCountry "ENG"]
[WhiteElo "1967"]
[WhiteRD "61"]
[BlackElo "1643"]
[BlackRD "154"]
[GameID "463399"]

1. e4 e5 2. Nf3 d6 3. d4 exd4 4. Nxd4 Nf6 5. Nc3 Be7 6. Bb5+ c6 7. Bd3 c5 8. Bb5+ Bd7 9. Bxd7+ Nbxd7 10. Nf5 Rg8
11. Nxd6+ Bxd6 12. Qxd6 Qe7 13. Qxe7+ Kxe7 14. f3 Rge8 15. Kf2 Kf8 16. Nb5 Re7 17. Bf4 h6 18. Bd6 a6 19. Nc7 Rd8 20. Rad1 Ng8
21. Nd5 Ndf6 22. Bxe7+ Nxe7 23. Nxf6 Rxd1 24. Rxd1 gxf6 25. Rd8+ Kg7 26. Rd7 Nc6 27. Rxb7 Nb4 28. Rxb4 cxb4 29. Ke3 Kg6 30. c3 bxc3
31. bxc3 Kg7 32. Kf4 Kf8 33. c4 Ke7 34. Kf5
1-0

[Event "SCCA Championship 2021"]
[Site "SchemingMind.com"]
[Date "2020.12.20"]
[Round "-"]
[White "Geoffrey Rosser"]
[Black "McCormickR"]
[Result "1-0"]
[WhiteCountry "ENG"]
[BlackCountry "ENG"]
[WhiteElo "1967"]
[WhiteRD "61"]
[BlackElo "1750"]
[BlackRD "95"]
[GameID "463400"]

1. e4 e5 2. Nf3 Nc6 3. Bc4 Nd4 4. O-O Nxf3+ 5. Qxf3 Qf6 6. Qe3 Bb4 7. Nc3 Bxc3 8. Qxc3 Ne7 9. d3 d6 10. Be3 a6
11. f4 Be6 12. fxe5 Qxe5 13. Bd4 Qg5 14. Bxe6 fxe6 15. Qxc7 e5 16. Qxb7
1-0

[Event "SCCA Championship 2021"]
[Site "SchemingMind.com"]
[Date "2020.12.17"]
[Round "-"]
[White "Allan Sedstrem"]
[Black "Geoffrey Rosser"]
[Result "0-1"]
[WhiteCountry "SCO"]
[BlackCountry "ENG"]
[WhiteElo "1466"]
[WhiteRD "78"]
[BlackElo "1932"]
[BlackRD "61"]
[GameID "463401"]

1. d4 Nf6 2. Nc3 d5 3. Bf4 g6 4. Nb5 Na6 5. Be5 Bg7 6. c3 c6 7. Na3 O-O 8. Nf3 Nb8 9. g3 Nbd7 10. Bg2 Nxe5
11. Nxe5 Qc7 12. O-O Ne4 13. f3 Ng5 14. g4 Bxe5 15. dxe5 Qxe5 16. Kh1 Qd6 17. Nc2 Ne6 18. e3 Ng7 19. Qe2 e5 20. Rad1 h5
21. e4 hxg4 22. c4 gxf3 23. Bxf3 d4 24. Ne3 Qe7 25. Ng2 c5 26. b3 Ne6 27. Rg1 Kg7 28. Bh5 Rh8 29. Bf3 Ng5 30. Rdf1 Nh3
31. Re1 Nxg1 32. Rxg1 Bh3 33. Qf2 Bxg2+ 34. Rxg2 Rh6 35. Rg3 Rah8 36. Rg2 Qf6 37. Qe2 Rh3 38. Bg4 Re3 39. Qc2 Rxh2+ 40. Rxh2 Qf1#
0-1

[Event "SCCA Championship 2021"]
[Site "SchemingMind.com"]
[Date "2020.12.20"]
[Round "-"]
[White "Guy Whitehouse"]
[Black "Geoffrey Rosser"]
[Result "1/2-1/2"]
[WhiteCountry "ENG"]
[BlackCountry "ENG"]
[WhiteElo "1726"]
[WhiteRD "114"]
[BlackElo "1907"]
[BlackRD "63"]
[GameID "463402"]

1. d4 Nf6 2. Nf3 g6 3. e3 Bg7 4. c4 d5 5. Nc3 O-O 6. Bd3 dxc4 7. Bxc4 Bf5 8. O-O Nbd7 9. Nh4 Bg4 10. f3 Nb6
11. Bb3 Bc8 12. e4 e6 13. Be3 Ng4 14. fxg4 Qxh4 15. e5 Bd7 16. Qf3 Bc6 17. Qf4 Bd5 18. Nxd5 Nxd5 19. Bxd5 exd5 20. Rac1 c6
21. g5 Qxf4 22. Bxf4= Rfc8 23. Rf3 Bf8 24. Rcf1 c5 25. Be3 cxd4 26. Bxd4 Rc4 27. Rd3 Bc5 28. Bxc5 Rxc5 29. Rfd1 Rd8 30. Rd4 a5
31. R1d2 Kg7 32. Kf2 Re8=
1/2-1/2

[Event "SCCA Championship 2021"]
[Site "SchemingMind.com"]
[Date "2020.12.16"]
[Round "-"]
[White "Charles McAleenan"]
[Black "Geoffrey Rosser"]
[Result "1-0"]
[WhiteCountry "ENG"]
[BlackCountry "ENG"]
[WhiteElo "1956"]
[WhiteRD "119"]
[BlackElo "1932"]
[BlackRD "61"]
[GameID "463403"]

1. d4 Nf6 2. Bg5 g6 3. Bxf6 exf6 4. e3 d5 5. g3 Bg7 6. Bg2 O-O 7. Ne2 c6 8. Nd2 Bf5 9. O-O Qd7 10. c4 dxc4
11. Nxc4 Bh3 12. Bxh3 Qxh3 13. Nf4 Qd7 14. b4 Na6 15. Rb1 Qe7 16. b5 cxb5 17. Rxb5 b6 18. Qa4 Nc7 19. Nd5 Nxd5 20. Rxd5 Rfd8
21. Rxd8+ Rxd8 22. Nd2 f5 23. Nb3 Qd7 24. Qa3 a5 25. Rc1 a4 26. Nd2 b5 27. Qc5 Bf8 28. Qc6= Bb4 29. Nf3 Qxc6 30. Rxc6 Rd6
31. Rc8+ Kg7 32. Rb8 Rd5 33. Rb7 Kf6 34. Ne5 Be7 35. h4 Ke6 36. Kf1 f6 37. Nc6 Ba3 38. Na7 Rd7 39. Rb6+ Kf7 40. Nxb5 Bf8
41. Ke2 Kg7 42. Kd3 Bc5 43. Ra6 a3 44. Nxa3 Ra7 45. Rxa7+ Bxa7 46. Kc4 g5 47. Nb5 Bb8 48. a4 f4 49. exf4 gxh4 50. gxh4 Bxf4
51. a5
1-0

[Event "SCCA Championship 2021"]
[Site "SchemingMind.com"]
[Date "2020.12.20"]
[Round "-"]
[White "mattkirk78"]
[Black "Geoffrey Rosser"]
[Result "1-0"]
[WhiteCountry "ENG"]
[BlackCountry "ENG"]
[WhiteElo "1978"]
[WhiteRD "225"]
[BlackElo "1967"]
[BlackRD "61"]
[GameID "463404"]

1. e4 e5 2. f4 exf4 3. Nf3 h6 4. d4 g5 5. Nc3 Bg7 6. g3 fxg3 7. hxg3 d6 8. Be3 Nc6 9. Qd3 Qf6 10. Be2 Bg4
11. O-O-O O-O-O 12. Rhf1 Bh3 13. Rf2 Qg6 14. d5 Ne5 15. Nxe5 dxe5 16. Nb5 Bd7 17. Nxa7+ Kb8 18. Qa3 Bf8 19. Nc6+ Bxc6 20. Qa7+ Kc8
21. Bg4+
1-0

[Event "SCCA Championship 2021"]
[Site "SchemingMind.com"]
[Date "2020.12.16"]
[Round "-"]
[White "Phil Cook"]
[Black "Robert Pallett"]
[Result "1-0"]
[WhiteCountry "NZL"]
[BlackCountry "ENG"]
[WhiteElo "2498"]
[WhiteRD "117"]
[BlackElo "2349"]
[BlackRD "96"]
[GameID "463405"]

1. e4 e5 2. Nf3 Nc6 3. Bb5 a6 4. Ba4 Nf6 5. O-O Be7 6. Re1 b5 7. Bb3 d6 8. c3 O-O 9. h3 Na5 10. Bc2 c5
11. d4 Qc7 12. Nbd2 cxd4 13. cxd4 Bb7 14. d5 Rac8 15. Bd3 Nd7 16. Nf1 f5 17. exf5 Bxd5 18. Ng5 Bxg5 19. Bxg5 Ba8 20. Qg4 Nc5
21. Rad1 Kh8 22. Bb1 Nc4 23. Qh4 e4 24. b4 Nd7 25. Bxe4 Bxe4 26. Qxe4 Nde5 27. Ng3 Qf7 28. f4 Nc6 29. Qf3 d5 30. Re6 Rc7
31. Qxd5
1-0

[Event "SCCA Championship 2021"]
[Site "SchemingMind.com"]
[Date "2020.12.20"]
[Round "-"]
[White "McCormickR"]
[Black "Robert Pallett"]
[Result "0-1"]
[WhiteCountry "ENG"]
[BlackCountry "ENG"]
[WhiteElo "1703"]
[WhiteRD "85"]
[BlackElo "2349"]
[BlackRD "96"]
[GameID "463406"]

1. e4 e5 2. Nf3 Nc6 3. Bb5 a6 4. Ba4 Nf6 5. O-O Be7 6. Re1 b5 7. Bb3 d6 8. c3 O-O 9. h3 Na5 10. Bc2 c5
11. d4 cxd4 12. cxd4 Bb7 13. b3 Rc8 14. Bb2 Qc7 15. Bd3 Nc6 16. a3 Nxd4 17. Nxd4 exd4 18. Bxd4 Nd7 19. Nd2 Rfd8 20. Qg4 g6
21. Bb2 Nc5 22. Bf1 d5 23. Rac1 dxe4 24. Nxe4 Bxe4 25. Rxe4 f5 26. Rxe7 Qxe7 27. Qe2 Qxe2 28. Bxe2 Nxb3 29. Rxc8 Rxc8 30. Bf3 Rd8
31. Kh2 Nd2 32. Bb7 Nc4 33. Bc1 a5
0-1

[Event "SCCA Championship 2021"]
[Site "SchemingMind.com"]
[Date "2020.12.19"]
[Round "-"]
[White "Robert Pallett"]
[Black "Guy Whitehouse"]
[Result "1-0"]
[WhiteCountry "ENG"]
[BlackCountry "ENG"]
[WhiteElo "2369"]
[WhiteRD "96"]
[BlackElo "1635"]
[BlackRD "139"]
[GameID "463407"]

1. e4 c6 2. d4 d5 3. Nc3 dxe4 4. Nxe4 Nf6 5. Nxf6+ exf6 6. c3 Bd6 7. Bd3 Be6 8. Ne2 Qc7 9. g3 Bh3 10. Nf4 Qe7+
11. Kd2 Bxf4+ 12. gxf4 Qd6 13. Re1+ Kd8 14. Qf3 Be6 15. f5 Bd7 16. Kc2 Be8 17. Bf4 Qd7 18. Qg3 g6 19. Bxb8
1-0

[Event "SCCA Championship 2021"]
[Site "SchemingMind.com"]
[Date "2020.12.15"]
[Round "-"]
[White "Robert Pallett"]
[Black "P Pickering"]
[Result "1-0"]
[WhiteCountry "ENG"]
[BlackCountry "ENG"]
[WhiteElo "2369"]
[WhiteRD "96"]
[BlackElo "1743"]
[BlackRD "94"]
[GameID "463408"]

1. e4 e5 2. Nf3 Nc6 3. Bb5 Nf6 4. O-O Nxe4 5. d4 Nd6 6. Bxc6 dxc6 7. dxe5 Nf5 8. Qxd8+ Kxd8 9. Nc3 Ke8 10. h3 Be7
11. Bg5 Bxg5 12. Nxg5 h6 13. Nf3 h5 14. Ne2 Ke7 15. Rfd1 Be6 16. Nf4 Bd7 17. Ng5 Be8 18. g3 g6 19. h4 f6 20. exf6+ Kxf6
21. Rd3 Rc8 22. Re1 Kg7 23. Nfe6+ Kf6 24. c4 b6 25. c5 bxc5 26. Nxc5 Bf7 27. Rd7 Bd5 28. Re6+
1-0

[Event "SCCA Championship 2021"]
[Site "SchemingMind.com"]
[Date "2020.12.16"]
[Round "-"]
[White "P Pickering"]
[Black "Phil Cook"]
[Result "0-1"]
[WhiteCountry "ENG"]
[BlackCountry "NZL"]
[WhiteElo "1743"]
[WhiteRD "94"]
[BlackElo "2535"]
[BlackRD "119"]
[GameID "463409"]

1. e4 e5 2. f4 d5 3. exd5 exf4 4. Nf3 Nf6 5. Bc4 Nxd5 6. O-O Be7 7. d4 Be6 8. Qe2 O-O 9. Nc3 Nc6 10. Nxd5 Bxd5
11. c3 Bxc4 12. Qxc4 Bd6 13. Bd2 Qd7 14. d5 Ne7 15. Rad1 Rae8 16. Bxf4 b5 17. Qd4 Nf5 18. Qd2 Bxf4 19. Qxf4 a6 20. Ne5 Qd6
21. Nd7 Qxd7 22. Qxf5 Qd6 23. Qf4 Re2 24. Qxd6 cxd6 25. Rf2 Rfe8 26. Rd2 Re1+ 27. Rf1 R1e2 28. Rf2 R2e5 29. Rf1 a5 30. Rfd1 f5
31. g3 Kf7 32. Rd4 Re1+ 33. Rxe1 Rxe1+ 34. Kf2 Rh1 35. Kg2 Ra1 36. a3 g5 37. h3 Kf6 38. Kf2 Ke5 39. Kf3 Rf1+ 40. Kg2 Re1
41. Rd2 f4 42. gxf4+ gxf4 43. Kf2 Re3 44. Kg2 Rg3+ 45. Kh2 h5 46. h4 a4 47. Rd4 Rg7 48. Rd1 f3 49. Rd2 Ke4 50. Rc2 Kd3
51. Rf2 Ke3 52. Rc2 f2 53. Rc1 Rg4
0-1

[Event "SCCA Championship 2021"]
[Site "SchemingMind.com"]
[Date "2020.12.20"]
[Round "-"]
[White "P Pickering"]
[Black "McCormickR"]
[Result "1-0"]
[WhiteCountry "ENG"]
[BlackCountry "ENG"]
[WhiteElo "1743"]
[WhiteRD "94"]
[BlackElo "1727"]
[BlackRD "87"]
[GameID "463410"]

1. e4 e5 2. f4 exf4 3. Nf3 d6 4. d4 g5 5. h4 g4 6. Ng1 Nf6 7. Bxf4 Nxe4 8. Bd3 f5 9. Ne2 Nc6 10. Bxe4 fxe4
11. Nbc3 d5 12. Nb5 Bd6 13. Bxd6 cxd6 14. O-O a6 15. Nbc3 Be6 16. Nf4 Qd7 17. Ncxd5 Bxd5 18. Nxd5 Kd8 19. c3 Qg7 20. g3 Ne7
21. Nf6 Nf5 22. Rxf5 Rf8 23. Nh5 Qg8 24. Qf1 Kc7 25. Rxf8 Rxf8 26. Nf4 Kb8 27. d5 Rc8 28. Qe2 Rc4 29. Qxc4
1-0

[Event "SCCA Championship 2021"]
[Site "SchemingMind.com"]
[Date "2020.12.19"]
[Round "-"]
[White "Guy Whitehouse"]
[Black "P Pickering"]
[Result "1/2-1/2"]
[WhiteCountry "ENG"]
[BlackCountry "ENG"]
[WhiteElo "1635"]
[WhiteRD "139"]
[BlackElo "1743"]
[BlackRD "94"]
[GameID "463411"]

1. d4 Nf6 2. Nf3 g6 3. e3 Bg7 4. b3 c5 5. Bb2 cxd4 6. exd4 d5 7. Bd3 Nc6 8. c3 O-O 9. O-O Bg4 10. Nbd2 Rc8
11. h3 Bxf3 12. Nxf3 Re8 13. Qe2 Nd7 14. Rad1 e5 15. dxe5 Ndxe5 16. Bb1 Nc4 17. Qc2 Nb4 18. Qc1 Nxb2 19. Qxb2 Bxc3 20. Qa3 Nc6
21. Qc5 Nd4 22. Qxa7 Nxf3+ 23. gxf3 Qg5+ 24. Kh1 Qh4 25. Kg2 Qg5+ 26. Kh1 Qh5 27. Kg2 Qg5+ 28. Kh1 Qh4 29. Kg2 Qg5+
1/2-1/2

[Event "SCCA Championship 2021"]
[Site "SchemingMind.com"]
[Date "2020.12.20"]
[Round "-"]
[White "Robert Pallett"]
[Black "Roger Oscroft "]
[Result "1-0"]
[WhiteCountry "ENG"]
[BlackCountry "ENG"]
[WhiteElo "2364"]
[WhiteRD "103"]
[BlackElo "1643"]
[BlackRD "154"]
[GameID "463412"]

1. e4 e5 2. Nf3 d6 3. d4 exd4 4. Nxd4 Be7 5. Nc3 a6 6. Bc4 Nc6 7. Nxc6 bxc6 8. Qh5 g6 9. Qf3 Nf6 10. e5 dxe5
11. Bh6 Bd7 12. O-O-O Qc8 13. Rhe1 Qb7 14. Rxe5 Kd8 15. Rxe7 Kxe7 16. Bg5 Bf5 17. Qe3+ Be6 18. Qc5+
1-0

[Event "SCCA Championship 2021"]
[Site "SchemingMind.com"]
[Date "2020.12.20"]
[Round "-"]
[White "Roger Oscroft "]
[Black "Phil Cook"]
[Result "0-1"]
[WhiteCountry "ENG"]
[BlackCountry "NZL"]
[WhiteElo "1706"]
[WhiteRD "124"]
[BlackElo "2535"]
[BlackRD "119"]
[GameID "463413"]

1. e4 c5 2. Bc4 e6 3. Nf3 Nc6 4. d3 d5 5. exd5 exd5 6. Bb5 Qa5+ 7. Nc3 d4 8. Bxc6+ bxc6 9. Bd2 dxc3 10. Qe2+ Be6
11. Bxc3 Qc7 12. Ng5 Qe7 13. Nxe6 Qxe6 14. Qxe6+ fxe6 15. O-O-O Nf6 16. h3 Bd6 17. Rhe1 Rf8 18. Rxe6+ Kd7 19. Ree1 Nd5 20. Rd2 Bf4
21. f3 Rae8 22. Kd1 Nxc3+ 23. bxc3 Rxe1+ 24. Kxe1 Bxd2+ 25. Kxd2 c4 26. d4 Rf5 27. Ke3 Ra5 28. a4 Rxa4 29. Kf4 a5 30. g4 Ra1
31. h4 a4 32. h5 a3 33. Kg5 Rh1 34. f4 a2
0-1

[Event "SCCA Championship 2021"]
[Site "SchemingMind.com"]
[Date "2020.12.20"]
[Round "-"]
[White "Roger Oscroft "]
[Black "P Pickering"]
[Result "1-0"]
[WhiteCountry "ENG"]
[BlackCountry "ENG"]
[WhiteElo "1706"]
[WhiteRD "124"]
[BlackElo "1743"]
[BlackRD "94"]
[GameID "463414"]

1. e4 e5 2. Nf3 f5 3. exf5 Nc6 4. Bb5 e4 5. Bxc6 dxc6 6. Ng1 Bxf5 7. Ne2 Nf6 8. h3 Bc5 9. O-O Qd7 10. c3 O-O-O
11. b4 Bb6 12. a4 e3 13. d4 exf2+ 14. Rxf2 a6 15. Na3 Ne4 16. Rf3 Rhf8 17. Be3 Bg6 18. Rxf8 Rxf8 19. Qe1 Ba7 20. b5 a5
21. bxc6 Qxc6 22. Nb5 Bb6 23. Nf4 Bf7 24. Qe2 Bc4 25. Qg4+ Qd7 26. Qf3 Bd5 27. Qe2 Bc6 28. c4 Bxb5 29. axb5 c5 30. Nd5 Bc7
31. dxc5 Ng3 32. Qd3 Qf7 33. Nxc7 Qxc7 34. Qd6 Ne2+ 35. Kh2 Re8 36. Qxc7+ Kxc7 37. Bd2 b6 38. Be1 Nd4 39. Bg3+ Kb7 40. c6+ Kc8
41. Rf1 Ne2 42. Bh4 Nd4 43. Rf7 Ne6 44. Bg3 Nc5 45. Rc7+ Kd8 46. Ra7 a4 47. Bh4+ Kc8 48. Ra8+
1-0

[Event "SCCA Championship 2021"]
[Site "SchemingMind.com"]
[Date "2020.12.20"]
[Round "-"]
[White "Roger Oscroft "]
[Black "McCormickR"]
[Result "1/2-1/2"]
[WhiteCountry "ENG"]
[BlackCountry "ENG"]
[WhiteElo "1706"]
[WhiteRD "124"]
[BlackElo "1727"]
[BlackRD "87"]
[GameID "463415"]

1. e4 e5 2. Bc4 Nf6 3. Nf3 Nc6 4. O-O Be7 5. Ng5 O-O 6. d3 h6 7. Nf3 d6 8. Nc3 Bg4 9. Be3 Na5 10. Bd5 c6
11. Bb3 Nxb3 12. axb3 a6 13. Kh1 d5 14. exd5 cxd5 15. Bd2 e4 16. h3 Bh5 17. g4 Bg6 18. Nh4 Bh7 19. Nf5 Bxf5 20. gxf5 Qd7
21. Rg1 Qxf5 22. Qf1 Kh7 23. Re1 Rae8 24. dxe4 Qf3+ 25. Qg2 Qxg2+ 26. Rxg2 dxe4 27. Nxe4 Nxe4 28. Rxe4=
1/2-1/2

[Event "SCCA Championship 2021"]
[Site "SchemingMind.com"]
[Date "2020.12.20"]
[Round "-"]
[White "Allan Sedstrem"]
[Black "Roger Oscroft "]
[Result "0-1"]
[WhiteCountry "SCO"]
[BlackCountry "ENG"]
[WhiteElo "1466"]
[WhiteRD "78"]
[BlackElo "1706"]
[BlackRD "124"]
[GameID "463416"]

1. d4 d5 2. Nc3 Nf6 3. Nf3 Bf5 4. Bf4 a6 5. g3 e6 6. Bg2 Bb4 7. Nh4 Be4 8. Bxe4 Nxe4 9. O-O Bxc3 10. bxc3 g5
11. Bxc7 Qxc7 12. Ng2 Nd7 13. Qd3 Qxc3 14. Qxc3 Nxc3 15. e3 h5 16. a4 f5 17. Ra3 Rc8 18. Rb3 Rc7 19. Ne1 Ne4 20. Rd3 g4
21. f3 Nc3 22. fxg4 hxg4 23. Kg2 Nf6 24. Kg1 Ne2+ 25. Kg2 Ne4 26. a5 Rch7 27. Rh1 N2xg3 28. hxg3 Rxh1
0-1

[Event "SCCA Championship 2021"]
[Site "SchemingMind.com"]
[Date "2020.12.20"]
[Round "-"]
[White "Guy Whitehouse"]
[Black "Roger Oscroft "]
[Result "1-0"]
[WhiteCountry "ENG"]
[BlackCountry "ENG"]
[WhiteElo "1726"]
[WhiteRD "114"]
[BlackElo "1663"]
[BlackRD "122"]
[GameID "463417"]

1. d4 d5 2. c4 dxc4 3. e4 b5 4. a4 e6 5. axb5 Nf6 6. e5 Nd5 7. Bxc4 Bb7 8. Nf3 Nb6 9. Be2 N8d7 10. O-O h6
11. Nc3 Be7 12. Be3 O-O 13. Qc2 c6 14. bxc6 Bxc6 15. Nb5 Bxb5 16. Bxb5 Nd5 17. Bd2 Bb4 18. Bxb4 Nxb4 19. Qa4 Nxe5 20. dxe5 Nd5
21. Bc6 Rc8 22. Bxd5 Qxd5 23. Qxa7 Rc2 24. Rfd1 Qb5 25. Nd4
1-0

[Event "SCCA Championship 2021"]
[Site "SchemingMind.com"]
[Date "2020.12.20"]
[Round "-"]
[White "mattkirk78"]
[Black "Roger Oscroft "]
[Result "1-0"]
[WhiteCountry "ENG"]
[BlackCountry "ENG"]
[WhiteElo "1978"]
[WhiteRD "225"]
[BlackElo "1643"]
[BlackRD "154"]
[GameID "463418"]

1. e4 e5 2. Nf3 d6 3. Nc3 Nf6 4. Bc4 Be6 5. Bxe6 fxe6 6. d4 exd4 7. Nxd4 e5 8. Nf3 h6 9. O-O g5 10. Be3 Nc6
11. Nd5 Nxe4 12. Qd3 Nf6 13. Qg6+ Kd7 14. Nxf6+ Kc8 15. Qf5+ Kb8 16. Nd7+ Kc8 17. Nxf8+ Kb8 18. Nd7+
1-0

[Event "SCCA Championship 2021"]
[Site "SchemingMind.com"]
[Date "2020.12.20"]
[Round "-"]
[White "McCormickR"]
[Black "Phil Cook"]
[Result "0-1"]
[WhiteCountry "ENG"]
[BlackCountry "NZL"]
[WhiteElo "1750"]
[WhiteRD "95"]
[BlackElo "2532"]
[BlackRD "116"]
[GameID "463419"]

1. d4 d5 2. c4 c6 3. e3 Nf6 4. Nc3 e6 5. Nf3 Nbd7 6. Qc2 Bd6 7. Bd3 O-O 8. O-O dxc4 9. Bxc4 a6 10. Re1 b5
11. Bd3 Bb7 12. e4 e5 13. Bg5 h6 14. Bh4 c5 15. Bxf6 Qxf6 16. dxe5 Nxe5 17. Bf1 Nxf3+ 18. gxf3 Qf4
0-1

[Event "SCCA Championship 2021"]
[Site "SchemingMind.com"]
[Date "2020.12.20"]
[Round "-"]
[White "Guy Whitehouse"]
[Black "McCormickR"]
[Result "1/2-1/2"]
[WhiteCountry "ENG"]
[BlackCountry "ENG"]
[WhiteElo "1702"]
[WhiteRD "110"]
[BlackElo "1685"]
[BlackRD "86"]
[GameID "463420"]

1. e4 e5 2. Nc3 Nf6 3. Nf3 Nc6 4. g3 d6 5. Bg2 Bg4 6. h3 Bh5 7. d3 h6 8. g4 Bg6 9. Nh4 Bh7 10. Nf5 Ne7
11. Qf3 Nxf5 12. exf5 c6 13. Qe3 Qe7 14. O-O d5 15. Qe2 O-O-O 16. Re1 Re8 17. a3 g6 18. fxg6 Bxg6 19. b4 Nd7 20. b5 Qc5
21. bxc6 bxc6 22. Bb2 Bg7 23. Ra2 Kc7 24. Qd2 Nb6 25. a4 Qd6 26. a5 Nd7 27. Bxd5 Qe7 28. Bg2 Qg5 29. Qe3 Qxe3 30. Rxe3 Rb8
31. Ba3 Rhe8 32. Re1 f6 33. Rb1 Rxb1+ 34. Nxb1 Rb8 35. Nc3 f5 36. gxf5 Bxf5 37. Ne4=
1/2-1/2

[Event "SCCA Championship 2021"]
[Site "SchemingMind.com"]
[Date "2020.12.17"]
[Round "-"]
[White "Allan Sedstrem"]
[Black "Robert Pallett"]
[Result "0-1"]
[WhiteCountry "SCO"]
[BlackCountry "ENG"]
[WhiteElo "1466"]
[WhiteRD "78"]
[BlackElo "2369"]
[BlackRD "96"]
[GameID "463421"]

1. d4 Nf6 2. Nc3 d5 3. Bf4 Bf5 4. e3 Nc6 5. Nb5 Rc8 6. c4 e6 7. Nf3 Bb4+ 8. Nc3 O-O 9. Be2 Ne4 10. Rc1 dxc4
11. O-O Nxc3 12. bxc3 Ba3 13. Ra1 b5 14. g3 Ne7 15. Nh4 Bh3 16. Re1 Nd5 17. Qc2 g5 18. e4 Nxf4 19. gxf4 gxh4 20. Bf1 Bxf1
21. Rxf1 c5 22. Rfd1 cxd4 23. Rxd4 Qf6 24. e5 Qg6+ 25. Qxg6+ fxg6 26. Re1 b4 27. cxb4 c3 28. Rd3 Rfd8 29. Rh3 c2 30. Rxa3 Rd1
0-1

[Event "SCCA Championship 2021"]
[Site "SchemingMind.com"]
[Date "2020.12.17"]
[Round "-"]
[White "Phil Cook"]
[Black "Allan Sedstrem"]
[Result "1-0"]
[WhiteCountry "NZL"]
[BlackCountry "SCO"]
[WhiteElo "2532"]
[WhiteRD "116"]
[BlackElo "1495"]
[BlackRD "78"]
[GameID "463422"]

1. e4 e5 2. Nf3 d6 3. d4 Nf6 4. Nc3 exd4 5. Nxd4 c5 6. Nde2 g6 7. h4 Bg7 8. Bg5 Nbd7 9. Qxd6 Bf8 10. Qd2 Be7
11. O-O-O Ng4 12. Nd5 Bxg5 13. hxg5 Nxf2 14. Nf6+ Nxf6 15. Qxd8#
1-0

[Event "SCCA Championship 2021"]
[Site "SchemingMind.com"]
[Date "2020.12.17"]
[Round "-"]
[White "P Pickering"]
[Black "Allan Sedstrem"]
[Result "1-0"]
[WhiteCountry "ENG"]
[BlackCountry "SCO"]
[WhiteElo "1816"]
[WhiteRD "103"]
[BlackElo "1495"]
[BlackRD "78"]
[GameID "463423"]

1. e4 e5 2. f4 d6 3. Nf3 Nf6 4. Nc3 Nc6 5. Bb5 exf4 6. d4 Bd7 7. Bxf4 a6 8. Bd3 Be7 9. Qd2 Nb4 10. Be2 O-O
11. a3 Nc6 12. O-O-O b5 13. e5 dxe5 14. dxe5 Ne8 15. Qxd7 Qxd7 16. Rxd7 Rd8 17. Rxd8 Bxd8 18. Rd1 f6 19. e6 g5 20. Bg3 h6
21. Rd7 Be7 22. Nd5 g4 23. Nh4 Ne5 24. Bxe5 fxe5 25. Nxe7+
1-0

[Event "SCCA Championship 2021"]
[Site "SchemingMind.com"]
[Date "2020.12.20"]
[Round "-"]
[White "McCormickR"]
[Black "Allan Sedstrem"]
[Result "1-0"]
[WhiteCountry "ENG"]
[BlackCountry "SCO"]
[WhiteElo "1703"]
[WhiteRD "85"]
[BlackElo "1475"]
[BlackRD "79"]
[GameID "463424"]

1. d4 d5 2. c4 e6 3. Nc3 Nc6 4. e3 Nf6 5. Nf3 Bb4 6. Bd2 O-O 7. cxd5 Nxd5 8. Qc2 h6 9. Bd3 Bxc3 10. bxc3 a6
11. O-O Re8 12. e4 Nf6 13. e5 Nd5 14. Qc1 f6 15. Re1 f5 16. Rb1 b5 17. c4 bxc4 18. Qxc4 Qd7 19. Rec1 a5 20. Qxc6 Qxc6
21. Rxc6 Bd7 22. Rcc1 c6 23. h3 g5 24. Nh2 Kh7 25. Rb7 Re7 26. Bc4 a4 27. Bxd5 exd5 28. e6 Rxe6 29. Rxd7+ Kg6 30. Re1 Rf6
31. Rb7 Rd6 32. Bb4 Rf6 33. Nf3 f4 34. Ne5+ Kf5 35. g4+ Ke6 36. Nf7#
1-0

[Event "SCCA Championship 2021"]
[Site "SchemingMind.com"]
[Date "2020.12.19"]
[Round "-"]
[White "Allan Sedstrem"]
[Black "Guy Whitehouse"]
[Result "0-1"]
[WhiteCountry "SCO"]
[BlackCountry "ENG"]
[WhiteElo "1475"]
[WhiteRD "79"]
[BlackElo "1726"]
[BlackRD "114"]
[GameID "463425"]

1. f4 Nf6 2. d3 g6 3. e4 d6 4. b3 Bg7 5. Bb2 Bg4 6. Be2 Bxe2 7. Qxe2 O-O 8. Nf3 Nc6 9. Nbd2 Nh5 10. Bxg7 Nxf4
11. Qf2 Kxg7 12. Ng5 e5 13. g3 Nxd3+ 14. cxd3 Qxg5 15. Nf3 Qf6 16. O-O-O a5 17. Rdf1 a4 18. Kb2 axb3 19. axb3 Ra6 20. Ra1 Rfa8
21. h4 Rxa1 22. Rxa1 Rxa1 23. Kxa1 Nd4 24. g4 Qxf3 25. Qxf3 Nxf3 26. h5 gxh5 27. gxh5 Ne1
0-1